[Event "1st Open"]
[Site "Gurgon IND"]
[Date "2009.01.25"]
[Round "6"]
[White "Kunte,A"]
[Black "Raghavendra,V"]
[Result "1-0"]
[WhiteElo "2527"]
[BlackElo "2088"]

1.d4 Nf6 2.Nf3 e6 3.c4 Bb4+ 4.Bd2 a5 5.g3 b6 6.Bg2 Bb7 7.O-O O-O 8.Bg5 Be7
9.Bxf6 Bxf6 10.Nc3 d5 11.cxd5 exd5 12.Rc1 Re8 13.e3 Na6 14.Qb3 Qd7 15.Rfd1 Rad8
16.a3 Nb8 17.Ne1 Bc6 18.Nd3 g5 19.Rd2 a4 20.Qd1 Na6 21.Qh5 Qf5 22.Nf4 Bg7
23.g4  1-0

[Event "68th ch-GEO"]
[Site "Tbilisi GEO"]
[Date "2009.01.25"]
[Round "8"]
[White "Margvelashvili,G"]
[Black "Bagaturov,G"]
[Result "1/2-1/2"]
[WhiteElo "2484"]
[BlackElo "2492"]

1.d4 Nf6 2.c4 e6 3.Nf3 Bb4+ 4.Bd2 Qe7 5.g3 Bxd2+ 6.Qxd2 O-O 7.Bg2 d6 8.Nc3 e5
9.O-O Re8 10.e4 Bg4 11.d5 a5 12.Ne1 Qd7 13.f4 exf4 14.gxf4 Bh3 15.Nd3 Qg4
16.Rae1 Qxg2+ 17.Qxg2 Bxg2 18.Kxg2 Na6 19.Kf3 Nd7 20.Nb5 Re7 21.Re3 Ndc5
22.Nxc5 Nxc5 23.Rfe1 Rae8 24.R1e2 Kf8 25.b3 g6 26.h4 Na6 27.h5 Kg7 28.Nd4 Kf6
29.Re1 Nc5 30.a3 Nd7 31.b4 axb4 32.axb4 Kg7 33.Rg1 Nf8 34.hxg6 hxg6 35.Ra1 Kf6
36.Rae1 Nd7 37.R1e2 Kg7 38.Nb5 Nb6 39.c5 Nc4 40.Rc3 Rxe4 41.Nxc7 Rxe2 42.Nxe8+ Rxe8
43.Rxc4 dxc5 44.bxc5 Re1 45.c6 bxc6 46.dxc6 Re8 47.c7 Rc8 48.Rc6 Kf8 49.Kg4 Kg7
50.Kg3 Kf8 51.Kg4 Kg7 52.Kf3 Kf8 53.Ke4 Ke8 54.Rc1 Ke7 55.Ke5 f6+ 56.Kd5 Kd7
57.Rc6 Rxc7 58.Rxf6 Ke7 59.Rxg6 Kf7 60.Rc6 Rxc6 61.Kxc6 Kf6 62.Kd5  1/2-1/2

[Event "ch-PriFO"]
[Site "Kazan RUS"]
[Date "2009.01.26"]
[Round "6"]
[White "Sidorov,A"]
[Black "Vasilov,A"]
[Result "1-0"]
[WhiteElo "2436"]
[BlackElo "2099"]

1.d4 Nf6 2.Nf3 e6 3.c4 Bb4+ 4.Bd2 c5 5.Nc3 d6 6.dxc5 dxc5 7.Qc2 O-O 8.g3 Nc6
9.a3 Ba5 10.Bg2 Bd7 11.e3 Qe7 12.O-O Rfd8 13.Rad1 Be8 14.h4 Ng4 15.Ng5 g6
16.Nh3 Nce5 17.b3 Bc6 18.Nd5 exd5 19.Bxa5 b6 20.Bc3 dxc4 21.Bxc6 Nxc6 22.Qe2 Nge5
23.f4 Nd3 24.Qf3 Na5 25.bxc4 Nxc4 26.Rxd3 Rxd3 27.Qxa8+ Qf8 28.Qxf8+ Kxf8
29.Rc1 Nd6 30.a4 Rxe3 31.Kg2 Ne4 32.Be1 f5 33.Ng5 Nf6 34.a5 h6 35.Nf3 Ne4
36.Ne5 Kg7 37.Ra1 b5 38.a6 b4 39.Nc6 Ra3 40.Rd1 Rxa6 41.Rd7+ Kf8 42.Ne5 b3
43.Rb7 Ra1 44.Kf1 Nxg3+ 45.Kf2 Ne4+ 46.Ke2 Ra2+ 47.Kd3 c4+ 48.Kd4 c3 49.Bxc3 Nxc3
50.Nxg6+ Ke8 51.Kxc3 Rg2 52.Ne5 Rh2 53.Kxb3 Rxh4 54.Rb8+  1-0

[Event "7th Gibtelecom Masters"]
[Site "Caleta ENG"]
[Date "2009.01.29"]
[Round "3"]
[White "Vernay,C"]
[Black "Lopez Martinez,Josep"]
[Result "0-1"]
[WhiteElo "2339"]
[BlackElo "2540"]

1.d4 Nf6 2.c4 e6 3.Nf3 Bb4+ 4.Bd2 Qe7 5.g3 Nc6 6.Nc3 d5 7.Bg2 dxc4 8.a3 Bxc3
9.Bxc3 Nd5 10.Nd2 b5 11.e4 Nxc3 12.bxc3 Rb8 13.e5 Bb7 14.O-O O-O 15.Qg4 Na5
16.Bxb7 Rxb7 17.Ne4 Kh8 18.f4 Nb3 19.Rad1 Rb6 20.f5 f6 21.Qh4 c5 22.g4 cxd4
23.cxd4 Qd8 24.exf6 gxf6 25.g5 fxg5 26.Nxg5 Rb7 27.Qh6 exf5 28.d5 Qb6+ 29.Qxb6 axb6
30.Ne6 Rg8+ 31.Kf2 c3 32.Rd3 Rc8 33.Nd4 Nc5 34.Rf3 Ne4+ 35.Ke3 Nd2 36.Kd3 Rd7  0-1

[Event "Arcapita Open"]
[Site "Manama BHN"]
[Date "2009.01.31"]
[Round "7"]
[White "Iotov,V"]
[Black "Amin,B"]
[Result "1/2-1/2"]
[WhiteElo "2556"]
[BlackElo "2562"]

1.d4 e6 2.Nf3 Nf6 3.c4 Bb4+ 4.Bd2 c5 5.Bxb4 cxb4 6.a3 bxa3 7.Nxa3 O-O 8.e3 Nc6
9.Nc2 d6 10.b4 b6 11.Be2 Bb7 12.O-O a5 13.bxa5 Nxa5 14.Qb1 Rc8 15.Na3 Bxf3
16.gxf3 d5 17.Rc1 Rc6 18.Qb2 dxc4 19.Nxc4 Nxc4 20.Rxc4 Rxc4 21.Bxc4 Qc7 22.Be2 Rc8
23.Ba6 Ra8 24.Rc1 Qd8 25.Bb7 Rb8 26.Bc6 Rc8 27.f4 h6 28.Qb5 Ne4 29.Qb2 Nf6
30.Qb5 Ne4  1/2-1/2

[Event "ch-CZE"]
[Site "Decin CZE"]
[Date "2009.02.15"]
[Round "6"]
[White "Polak,T"]
[Black "Stocek,J"]
[Result "1/2-1/2"]
[WhiteElo "2553"]
[BlackElo "2586"]

1.d4 Nf6 2.c4 e6 3.Nf3 Bb4+ 4.Bd2 a5 5.g3 c5 6.Bg2 cxd4 7.Nxd4 Nc6 8.Nb5 d5
9.cxd5 Nxd5 10.N1c3 Nxc3 11.Bxc3 Qb6 12.Bxb4 axb4 13.Nd6+ Ke7 14.Nc4 Qc5
15.Ne3 Rd8 16.Qb1 g6 17.O-O Rd2 18.Rd1 Rxd1+ 19.Qxd1 Bd7 20.Rc1 Qd4 21.Qb3 Na5
22.Qc2 Rc8 23.Qb1 Rxc1+ 24.Qxc1  1/2-1/2

[Event "US Amateur Team-ch East"]
[Site "Parsipanny USA"]
[Date "2009.02.15"]
[Round "3"]
[White "Fedorowicz,J"]
[Black "Hulse,B"]
[Result "1/2-1/2"]
[WhiteElo "2487"]
[BlackElo "2225"]

1.d4 Nf6 2.c4 e6 3.Nf3 Bb4+ 4.Bd2 a5 5.g3 O-O 6.Bg2 d5 7.Qc2 Na6 8.O-O c5
9.Bg5 cxd4 10.cxd5 Be7 11.Nxd4 Nxd5 12.Bxe7 Qxe7 13.Nc3 Nab4 14.Nxd5 Nxd5
15.Rac1 Rd8 16.e3 e5 17.Nb5 Be6 18.Qc5 Qxc5 19.Rxc5 b6 20.Rcc1 Rac8 21.Rxc8 Rxc8
22.Rd1 Nf6 23.Na7 Re8 24.Bc6 Rb8 25.a3 Kf8 26.f3 Ng8 27.e4 Ne7 28.Ba4 g6
29.Rd6 Rb7 30.Rd8+ Kg7 31.Nb5 Rd7 32.Rxd7 Bxd7 33.Nc3 Bxa4 34.Nxa4 Nc8 35.Kf2 Kf6
36.Nc3 Ke6 37.Nd5 f5 38.Ke3 fxe4 39.fxe4 h6 40.Kd3 Kd6 41.Ne3 b5 42.a4 bxa4
43.Nc4+ Ke6 44.Nxa5 Nd6 45.Nc4 Nb5 46.Na3 Nd6  1/2-1/2

[Event "58th ch-BUL w"]
[Site "Dupnitsa BUL"]
[Date "2009.02.17"]
[Round "5"]
[White "Voiska,M"]
[Black "Nikolova,A"]
[Result "1-0"]
[WhiteElo "2339"]
[BlackElo "2310"]

1.d4 Nf6 2.Nf3 e6 3.c4 Bb4+ 4.Bd2 a5 5.Qc2 d5 6.a3 Be7 7.Nc3 O-O 8.e4 dxe4
9.Nxe4 Nbd7 10.Nxf6+ Nxf6 11.Bc3 b6 12.Bd3 Bb7 13.O-O-O h6 14.Ne5 Bd6 15.Rhg1 Bxe5
16.dxe5 Nd7 17.Be4 Bxe4 18.Qxe4 Qe7 19.Bd4 Nc5 20.Qe3 Nb7 21.Qf3 Nc5 22.Kb1 Rfd8
23.Qc6 Nb3 24.Be3 Rxd1+ 25.Rxd1 Rd8 26.Qf3 Nc5 27.Kc2 Rd7 28.Bxc5 bxc5 29.Qa8+ Kh7
30.Qxa5 Rd4 31.Rxd4 cxd4 32.Qd2 c5 33.b4 Qa7 34.Kb3 cxb4 35.axb4 Kg8 36.Qd3 Qd7
37.b5 Qa7 38.Kb4 Kf8 39.c5 Qa1 40.b6 Qb2+ 41.Kc4 Qa2+ 42.Kb5 Qb2+ 43.Kc6 Ke7
44.b7 Qb4 45.Qb5  1-0

[Event "ch-VIE Stage1"]
[Site "Ha Noi VIE"]
[Date "2009.02.18"]
[Round "5"]
[White "Nguyen Ha Phuong"]
[Black "Nguyen Van Huy"]
[Result "0-1"]
[WhiteElo "1775"]
[BlackElo "2416"]

1.d4 Nf6 2.c4 e6 3.Nf3 Bb4+ 4.Bd2 Qe7 5.a3 Bxd2+ 6.Nbxd2 d6 7.e4 e5 8.d5 a5
9.b4 O-O 10.Bd3 Na6 11.O-O Nh5 12.Re1 Nf4 13.Bf1 g5 14.h3 f5 15.Qb3 g4 16.Nh2 gxh3
17.g3 Qg7 18.Kh1 Ng6 19.Bxh3 Qh6 20.exf5 Qxh3 21.g4 Nf4 22.Qxh3 Nxh3 23.Ne4 Nf4
24.Re3 Bd7 25.b5 Nb8 26.b6 c6 27.Rd1 Ra6 28.Nxd6 Rxb6 29.Rxe5 cxd5 30.c5 Rb2
31.f3 Ba4 32.Rf1 Nc6 33.Ree1 Nd3 34.Re8 Nf2+ 35.Kg1 Nh3+ 36.Kh1 Nd4 37.Re7 Ne2  0-1

[Event "2nd Pfalz Open"]
[Site "Neustadt an der Weinstrasse GER"]
[Date "2009.02.18"]
[Round "5"]
[White "Bogner,S"]
[Black "Jankovic,A"]
[Result "1/2-1/2"]
[WhiteElo "2467"]
[BlackElo "2571"]

1.d4 Nf6 2.c4 e6 3.Nf3 Bb4+ 4.Bd2 Qe7 5.Nc3 Bxc3 6.Bxc3 Ne4 7.Rc1 O-O 8.g3 d6
9.Bg2 c5 10.O-O Nxc3 11.Rxc3 Nc6 12.d5 Nd8 13.e4 e5 14.Nh4 a6 15.a3 b6 16.Qe1 f6
17.f4 Nf7 18.Nf3 Bd7 19.f5 b5 20.Rf2 Rfb8 21.cxb5 Rxb5 22.Bf1 Rb6 23.b3 Bb5
24.Nd2 Bxf1 25.Qxf1 Rab8 26.g4 Kf8 27.h4 a5 28.a4 Rb4 29.Rff3 Rd4 30.Qe2 Qa7
31.Kf1 Rbb4 32.Rfe3 h6 33.Kg2 Qb6 34.Kf3 Ke7 35.Nc4 Qa6 36.Na3 Qc8 37.Nc4 Qa8
38.Kf2 Qa6  1/2-1/2

[Event "ch-VIE Stage1"]
[Site "Ha Noi VIE"]
[Date "2009.02.19"]
[Round "7"]
[White "Dao Thien Hai"]
[Black "Nguyen Van Huy"]
[Result "1-0"]
[WhiteElo "2543"]
[BlackElo "2416"]

1.d4 Nf6 2.c4 e6 3.Nf3 Bb4+ 4.Bd2 Qe7 5.Nc3 O-O 6.Rc1 Bxc3 7.Bxc3 Ne4 8.g3 b6
9.Bg2 Bb7 10.O-O Nxc3 11.Rxc3 d6 12.Qc2 Nd7 13.Ng5 Qxg5 14.Bxb7 Rad8 15.Bc6 a5
16.Rd1 e5 17.Bxd7 Rxd7 18.dxe5 Qxe5 19.c5 bxc5 20.Rxc5 dxc5 21.Rxd7 g6 22.b3 Re8
23.e3 Re6 24.Rd8+ Kg7 25.Ra8 c4 26.Qxc4 Rd6 27.Ra7 Qf5 28.Qc3+ Kh6 29.Qc4 Rd2
30.Qf4+ Qxf4 31.gxf4 Rxa2 32.Rxc7 Kg7 33.Ra7 Ra3 34.Kg2 Rxb3 35.Rxa5 Kf6
36.e4 Rc3 37.h4 Rc4 38.f3 Kg7 39.f5 Rc1 40.fxg6 hxg6 41.h5 gxh5 42.Rxh5 Rc4
43.Kg3 Kg6 44.Ra5 Rc1 45.Ra6+ Kg7 46.Kg4 Rg1+ 47.Kf5 Rf1 48.f4 Rc1 49.e5 Rc7
50.Rd6 Ra7 51.Ke4 Rb7 52.Kf5 Ra7 53.Kg5 Rb7 54.Rd8 Re7 55.Rc8 Re6 56.Rc7 Rg6+
57.Kf5 Ra6 58.Rb7 Rc6 59.Kg4 Rg6+ 60.Kf3 Ra6 61.f5 Kg8 62.Kf4 Ra5 63.Rb8+ Kh7
64.Re8 Ra1 65.Re7 Kg8 66.Kg5 Ra6 67.Rd7 Rb6 68.Rd6 Rb8 69.Kf6 Kf8 70.Rd7  1-0

[Event "It A"]
[Site "Nancy FRA"]
[Date "2009.02.20"]
[Round "7"]
[White "Tregubov,P"]
[Black "Gozzoli,Y"]
[Result "1-0"]
[WhiteElo "2647"]
[BlackElo "2503"]

1.d4 Nf6 2.c4 e6 3.Nf3 Bb4+ 4.Bd2 c5 5.Bxb4 cxb4 6.e3 O-O 7.a3 bxa3 8.Rxa3 d6
9.b4 b6 10.Bd3 Bb7 11.O-O e5 12.Be2 Nbd7 13.Nc3 a6 14.Qb1 Re8 15.Rd1 Qc7
16.d5 b5 17.cxb5 axb5 18.Nxb5 Qb6 19.e4 Ba6 20.Ra5 Rec8 21.h3 Bxb5 22.Rxb5 Qa7
23.Ra5 Qb6 24.Rxa8 Rxa8 25.Rc1 Ra4 26.Rc4 Qa7 27.Qc2 Ra2 28.Rc8+ Nf8 29.Qc4 Ra1+
30.Bf1 Ra2 31.Be2 Ra1+ 32.Kh2 g6 33.Qc6 Qxf2 34.Qxd6 Qg3+ 35.Kxg3 Nxe4+ 36.Kh2 Nxd6
37.Rd8 Nb7 38.Rb8 Nd6 39.Nxe5 Re1 40.Nc4 Rxe2 41.Nxd6 Rd2 42.Ne8 f5 43.Rb7 f4
44.Nf6+ Kh8 45.Kg1  1-0

[Event "Tancats de la Societat Coral C IM"]
[Site "Sabadell ESP"]
[Date "2009.02.27"]
[Round "6"]
[White "Pares Vives,N"]
[Black "Dickl,E"]
[Result "1-0"]
[WhiteElo "2288"]
[BlackElo "2197"]

1.d4 Nf6 2.Nf3 e6 3.c4 Bb4+ 4.Bd2 a5 5.g3 b6 6.Bg2 Bb7 7.O-O O-O 8.a3 Bxd2
9.Nbxd2 d6 10.Qc2 Qe7 11.e4 e5 12.Rfe1 a4 13.Rad1 c5 14.d5 Bc8 15.Nb1 Bd7
16.Nc3 Ra5 17.Nh4 Na6 18.Bf1 Nc7 19.Nf5 Bxf5 20.exf5 Rfa8 21.h3 g5 22.fxg6 hxg6
23.Bd3 Kg7 24.g4 Rh8 25.Re3 b5 26.f4 bxc4 27.Bxc4 Nd7 28.Rf1 Nb6 29.Qd3 Nd7
30.Rfe1 Ne8 31.Bb5 Nef6 32.f5 Nb6 33.g5 Nfxd5 34.f6+ Nxf6 35.gxf6+ Qxf6 36.Ne4 Qe7
37.Qxd6 Qxd6 38.Nxd6 Nd5 39.Rf3 f6 40.Ne8+ Kf7 41.Rd1 Rxb5 42.Nd6+ Ke6 43.Nxb5 Rb8
44.Nc3 Nf4 45.Nxa4 Kf5 46.Rd2 e4 47.Rc3  1-0

[Event "TCh-AUT 2nd Bundesliga Ost 2008-9"]
[Site "Austria AUT"]
[Date "2009.02.28"]
[Round "8"]
[White "Farago,I"]
[Black "Zilka,S"]
[Result "1/2-1/2"]
[WhiteElo "2489"]
[BlackElo "2471"]

1.d4 Nf6 2.c4 e6 3.Nf3 Bb4+ 4.Bd2 Qe7 5.g3 Nc6 6.Nc3 Bxc3 7.Bxc3 Ne4 8.Rc1 d6
9.d5 Nxc3 10.Rxc3 Nb8 11.dxe6 fxe6 12.Bg2 O-O 13.O-O Nc6 14.Nd4 Bd7 15.Nxc6 Bxc6
16.Bxc6 bxc6 17.Qa4 c5 18.Rb3 Qe8 19.Qxe8 Rfxe8 20.Rb7 Rec8 21.b4 cxb4 22.Rxb4 Rcb8
23.Rfb1 Rb6 24.R1b3 Rc6 25.f4 Kf7 26.Kf2 Ke7 27.Ke3 Rc5 28.Kd3 Ra5 29.a3 a6
30.Kc3 e5 31.Kb2 exf4 32.gxf4 Rh5 33.Rg3 g6 34.h3 Kd7 35.Rbb3 Rf8 36.Rbf3 Rhf5
37.Rg4 Re8 38.e3 Rb8+ 39.Ka2 Kc6 40.Rg2 Rc5 41.Rc2 Re8 42.Kb3 Re4 43.Rc3 Ra5
44.Kc2 Re8 45.Kd3 Rb8 46.e4 Rf8 47.Kd4 Rc5 48.Rce3 Rh5 49.e5 Rhf5 50.e6 Re8
51.Re4 Ra5 52.Rc3 Ra4 53.Re2 Rf8 54.Re4 Ra5 55.Rg3 Raf5 56.Ke3 R5f6 57.Kd3 Re8
58.Rge3 Kc5 59.Re1 Re7 60.R1e2 c6 61.Re1 Rf8 62.Rb1 Rfe8 63.Rbe1 Rb8 64.Kc3 a5
65.Rg1 Rbe8 66.Rg5+ Kb6 67.c5+ dxc5 68.Rge5 Rd8 69.f5 gxf5 70.Rxf5 Rd4 71.Rfe5 Rd5
72.Kc4 Rd1 73.Re1 Rd4+ 74.Kc3 Ra4 75.Kb3 Rh4 76.R1e3 Kb5 77.R5e4 a4+ 78.Kc3 Rh6
79.Re5 Kb6 80.R5e4 Kb5 81.Re5 Rf6 82.Re1 Kb6 83.Kc4 Rf4+ 84.R1e4 Rf2  1/2-1/2

[Event "TCh Paulista Interclub"]
[Site "Sao Paolo BRA"]
[Date "2009.02.28"]
[Round "2"]
[White "Vivaldo,F"]
[Black "Sega,C"]
[Result "1-0"]
[WhiteElo "2138"]
[BlackElo "2285"]

1.d4 Nf6 2.c4 e6 3.Nf3 Bb4+ 4.Bd2 Qe7 5.g3 Nc6 6.Bg2 Bxd2+ 7.Nbxd2 d6 8.O-O a5
9.e4 e5 10.d5 Nb8 11.Ne1 O-O 12.Nd3 Na6 13.f4 Nb4 14.Nf2 c6 15.Re1 Re8 16.Nf3 Ng4
17.a3 Na6 18.Nd3 cxd5 19.cxd5 b5 20.h3 Qa7+ 21.Kh1 Nf2+ 22.Nxf2 Qxf2 23.Qe2 Qxg3
24.f5 Nc5 25.Rg1 Ba6 26.b4 Nb3 27.Raf1 Rac8 28.f6 g6 29.Qe3 Qf4 30.Qxb3 Qxe4
31.Ng5 Qc4 32.Qg3 axb4 33.Ne4 Red8 34.Qg5  1-0

[Event "25th Open"]
[Site "Cappelle la Grande FRA"]
[Date "2009.03.02"]
[Round "3"]
[White "Rusev,K"]
[Black "Miroshnichenko,E"]
[Result "1/2-1/2"]
[WhiteElo "2546"]
[BlackElo "2667"]

1.d4 Nf6 2.c4 e6 3.Nf3 Bb4+ 4.Bd2 a5 5.Qc2 d5 6.g3 c5 7.Bg2 cxd4 8.cxd5 O-O
9.Nxd4 Qb6 10.Nb3 exd5 11.Bxb4 axb4 12.N1d2 Nc6 13.O-O Be6  1/2-1/2

[Event "10th EICC w"]
[Site "St Petersburg RUS"]
[Date "2009.03.08"]
[Round "1"]
[White "Nebolsina,V"]
[Black "Nikanova,E"]
[Result "1-0"]
[WhiteElo "2312"]
[BlackElo "2049"]

1.d4 Nf6 2.c4 e6 3.Nf3 Bb4+ 4.Bd2 c5 5.Bxb4 cxb4 6.g3 O-O 7.Bg2 d6 8.O-O Qc7
9.Qb3 a5 10.a3 a4 11.Qxb4 Ne4 12.Rc1 Nc6 13.Qe1 Qb6 14.Nc3 f5 15.e3 Bd7 16.Nxe4 fxe4
17.Ng5 d5 18.Bh3 Nxd4 19.exd4 h6 20.c5 Qc6 21.Nxe4 dxe4 22.Bg2 Qb5 23.Qxe4 Qxb2
24.Qe3 Qb3 25.Rab1 Qxe3 26.fxe3 Bc6 27.e4 Rfd8 28.Rd1 Ra5 29.d5 exd5 30.exd5 Be8
31.Rdc1 Rc8 32.c6 bxc6 33.dxc6 Bg6 34.Rb7  1-0

[Event "10th EICC w"]
[Site "St Petersburg RUS"]
[Date "2009.03.10"]
[Round "3"]
[White "Shumiakina,T"]
[Black "Papadopoulou,V"]
[Result "1-0"]
[WhiteElo "2324"]
[BlackElo "2190"]

1.d4 Nf6 2.Nf3 e6 3.c4 Bb4+ 4.Bd2 c5 5.Bxb4 cxb4 6.g3 O-O 7.Bg2 d6 8.O-O a5
9.a3 Na6 10.Nbd2 Qe7 11.e4 Rd8 12.Qe2 e5 13.h3 b6 14.d5 Ra7 15.Nh2 Nc5 16.a4 Ba6
17.b3 Rf8 18.Rfe1 Nfd7 19.f4 f5 20.exf5 Rxf5 21.Nhf3 Qf8 22.fxe5 Nxe5 23.Nd4 Rf6
24.Nc6 Raf7 25.Nxe5 dxe5 26.Rf1 Qd6 27.Rxf6 Rxf6 28.Re1 e4 29.Nxe4 Nxe4 30.Qxe4 Qxg3
31.Qe8+ Rf8 32.Qe6+ Kh8 33.Qe3 Qg6 34.Kh2 Bc8 35.Qe7 Rg8 36.d6 Qd3 37.Re3 Qd2
38.Re2 Qd3 39.Re5 Qd2 40.Re2 Qd3 41.Rf2 Bf5 42.Rf3 Qe4 43.Qxe4 Bxe4 44.Re3 Bf5
45.Bc6  1-0

[Event "10th EICC w"]
[Site "St Petersburg RUS"]
[Date "2009.03.10"]
[Round "3"]
[White "Nebolsina,V"]
[Black "Cherednichenko,E"]
[Result "1-0"]
[WhiteElo "2312"]
[BlackElo "2161"]

1.d4 Nf6 2.c4 e6 3.Nf3 Bb4+ 4.Bd2 Qe7 5.g3 Nc6 6.Nc3 Bxc3 7.Bxc3 Ne4 8.Rc1 Nxc3
9.Rxc3 d6 10.Bg2 O-O 11.O-O e5 12.d5 Nb8 13.Qc2 a5 14.c5 Na6 15.cxd6 cxd6
16.Nd2 b5 17.f4 b4 18.Rcf3 Bg4 19.R3f2 exf4 20.gxf4 Bxe2 21.Re1 Bd3 22.Rxe7 Bxc2
23.Ne4 Bb1 24.Nxd6 Bxa2 25.Nb7 Rfe8 26.d6 Rxe7 27.dxe7 Re8 28.Rd2 f6 29.Rd6 Rxe7
30.Rxa6 Re2 31.Rxa5 Bb1 32.Nd6 h6 33.f5 Rxb2 34.Ra8+ Kh7 35.Bd5 g6 36.Ra7+ Kh8
37.Nf7+ Kg7 38.Ne5+ Kf8 39.Nxg6+ Ke8 40.Bc6+ Kd8 41.Rd7+  1-0

[Event "10th EICC w"]
[Site "St Petersburg RUS"]
[Date "2009.03.12"]
[Round "5"]
[White "Sorokina,A RUS"]
[Black "Borisova,E"]
[Result "1-0"]
[WhiteElo "2087"]
[BlackElo "2270"]

1.d4 Nf6 2.c4 e6 3.Nf3 Bb4+ 4.Bd2 a5 5.Qc2 O-O 6.g3 b6 7.Bg2 Bb7 8.a3 Be7
9.Nc3 d5 10.cxd5 exd5 11.O-O Nbd7 12.Nh4 Re8 13.Nf5 Bf8 14.Ne3 c6 15.Rab1 b5
16.b4 axb4 17.axb4 Nb6 18.Rfc1 g6 19.Qd3 Bd6 20.Nc2 Bc8 21.e4 dxe4 22.Nxe4 Bf5
23.Bg5 Be7 24.Bxf6 Bxf6 25.Ne3 Bxd4 26.Nxf5 gxf5 27.Rd1 fxe4 28.Qxd4 Qxd4
29.Rxd4 f5 30.g4 Nd5 31.gxf5 Nc3 32.Re1 Ra1 33.Kf1 Ra4 34.f6 Kf7 35.Rc1 Nd5
36.Bxe4 Nxb4 37.Bf3 Kxf6 38.Bd1 Nc2 39.Rd6+ Ke7 40.Rxc6 Nd4 41.Bxa4 bxa4
42.R6c4 Nf3 43.Re4+  1-0

[Event "10th EICC"]
[Site "Budva MNE"]
[Date "2009.03.17"]
[Round "11"]
[White "Banikas,H"]
[Black "Nyzhnyk,I"]
[Result "1/2-1/2"]
[WhiteElo "2582"]
[BlackElo "2504"]

1.d4 Nf6 2.c4 e6 3.Nf3 Bb4+ 4.Bd2 c5 5.Bxb4 cxb4 6.g3 b6 7.Bg2 Bb7 8.O-O a5
9.a3 Na6 10.Nbd2 O-O 11.Qb1 d6 12.Rd1  1/2-1/2

[Event "10th EICC w"]
[Site "St Petersburg RUS"]
[Date "2009.03.19"]
[Round "11"]
[White "Rozhko,M"]
[Black "Kiseleva,A"]
[Result "0-1"]
[WhiteElo "2134"]
[BlackElo "1830"]

1.d4 Nf6 2.Nf3 e6 3.c4 Bb4+ 4.Bd2 Qe7 5.g3 b6 6.Bg2 Bb7 7.O-O Bxd2 8.Nbxd2 O-O
9.Qc2 d6 10.e4 c5 11.dxc5 dxc5 12.e5 Nfd7 13.Rfe1 Nc6 14.Qe4 Rab8 15.Qg4 Rfd8
16.Nf1 Nf8 17.Ne3 Nd4 18.Rad1 Bxf3 19.Bxf3 Ng6 20.Nf1 Qc7 21.Bg2 Nxe5 22.Qe4 Nxc4
23.b3 Nd6 24.Qb1 N6b5 25.Qb2 Qe7 26.Nd2 Qf6 27.Qc1 Rbc8 28.f4 Nd6 29.Ne4 Nxe4
30.Rxe4 Rc7 31.g4 Rcd7 32.Rde1 h6 33.Qc4 Qh4 34.f5 exf5 35.gxf5 Qf6 36.Qf1 Kh7
37.Re5 Nc6 38.Bxc6 Qxc6 39.R5e2 Qf6 40.Rg2 Rd5 41.Rf2 Qg5+ 42.Kh1 Rd2 43.Rfe2 R8d5
44.Rxd2 Rxd2 45.a4 Rd5 46.Qa6 Qxf5 47.Qe2 Rd6 48.Qg2 Rg6 49.Qb7 Qc2  0-1

[Event "25th Spring Festival"]
[Site "Budapest HUN"]
[Date "2009.03.23"]
[Round "4"]
[White "Simon,Ta"]
[Black "Bodrogi,M"]
[Result "0-1"]
[WhiteElo "1731"]
[BlackElo "2192"]

1.d4 Nf6 2.c4 e6 3.Nf3 Bb4+ 4.Bd2 Qe7 5.a3 Bxd2+ 6.Nbxd2 d6 7.e3 e5 8.d5 O-O
9.e4 Ng4 10.h3 Nh6 11.Bd3 c5 12.b4 Na6 13.Qb3 f5 14.exf5 Nxf5 15.O-O Bd7
16.b5 Nb8 17.Qc2 h6 18.Rae1 g5 19.Re4 Ng7 20.Rfe1 Bf5 21.R4e3 Bxd3 22.Qxd3 Nd7
23.Ne4 Rf7 24.a4 Raf8 25.a5 Kh8 26.Ra1 Rg8 27.a6 b6 28.Ra3 Nf8 29.Ra1 Ng6
30.Rae1 Nf4 31.Qd2  0-1

[Event "Open B"]
[Site "Zagreb CRO"]
[Date "2009.03.23"]
[Round "3"]
[White "Stanoev,A"]
[Black "Stipic,B"]
[Result "0-1"]
[WhiteElo "2236"]
[BlackElo "2097"]

1.d4 Nf6 2.c4 e6 3.Nf3 Bb4+ 4.Bd2 Qe7 5.Qc2 Bxd2+ 6.Nbxd2 d6 7.e4 e5 8.d5 a5
9.b3 O-O 10.g3 Na6 11.a3 Bd7 12.Bg2 b5 13.cxb5 Bxb5 14.Nc4 c6 15.dxc6 Nc5
16.Nfd2 Ne6 17.Qd3 Rfd8 18.O-O Nd4 19.Nf3 Ne6 20.Rfe1 Bxc6 21.Nb6 Rab8 22.Nd5 Bxd5
23.exd5 Nc5 24.Qc4 Nxb3 25.Re3 Nxa1 26.Qa2 Qb7 27.Qxa1 Qb1+  0-1

[Event "25th Spring Festival"]
[Site "Budapest HUN"]
[Date "2009.03.25"]
[Round "6"]
[White "Kabai,Z"]
[Black "Bodrogi,M"]
[Result "0-1"]
[WhiteElo "1894"]
[BlackElo "2192"]

1.d4 Nf6 2.c4 e6 3.Nf3 Bb4+ 4.Bd2 Qe7 5.g3 O-O 6.Bg2 Bxd2+ 7.Qxd2 d6 8.Nc3 c6
9.O-O e5 10.e4 Re8 11.Rfe1 Bg4 12.d5 Bxf3 13.Bxf3 c5 14.a3 Nbd7 15.Bg2 Rf8
16.Kh1 Kh8 17.f4 a6 18.a4 Ne8 19.f5 Nc7 20.Qd3 Qg5 21.h4 Qe7 22.Bf3 g5 23.hxg5 Qxg5
24.Kg2 Rg8 25.Be2 Rg7 26.Rh1 Rag8 27.Rh3 Nf6 28.Kf2 Nce8 29.Rah1 b6 30.b3 Nc7
31.R1h2 Qc1 32.Nd1 Qa1 33.Kg2 Qd4 34.Nf2 Nce8 35.Qc2 Qe3 36.Bf3 Nh5 37.g4 Nf4+
38.Kg3 Nxh3 39.Rxh3 Nf6 40.Rh4 h5 41.Kg2 Rh7 42.Qd3 Qg5 43.Rh2 hxg4  0-1

[Event "Battle of the GMs"]
[Site "Dapitan PHI"]
[Date "2009.03.25"]
[Round "2"]
[White "Gonzales,Jay"]
[Black "Torre,E"]
[Result "1/2-1/2"]
[WhiteElo "2468"]
[BlackElo "2560"]

1.d4 Nf6 2.c4 e6 3.Nf3 Bb4+ 4.Bd2 Qe7 5.Qc2 Bxd2+ 6.Nbxd2 d6 7.e3 O-O 8.Be2 b6
9.O-O Bb7 10.b4 a5 11.a3 Nbd7 12.Rfc1 axb4 13.axb4 Rxa1 14.Rxa1 Ra8 15.Rxa8+ Bxa8
16.Qa4 Qd8 17.h3 Bb7 18.Nb3 Qa8 19.Qxa8+ Bxa8 20.Nfd2 Kf8 21.b5 Ke7 22.g4 Ne4
23.Nxe4 Bxe4 24.Nd2 Bb7 25.f4 f6 26.Kf2 h6 27.f5 e5 28.Bf3 Bxf3 29.Kxf3 Nb8
30.Ke4 exd4 31.exd4 c6  1/2-1/2

[Event "Open B"]
[Site "Zagreb CRO"]
[Date "2009.03.25"]
[Round "5"]
[White "Vuga,J"]
[Black "Korov,Z"]
[Result "0-1"]
[WhiteElo "2193"]
[BlackElo "2063"]

1.d4 Nf6 2.c4 e6 3.Nf3 Bb4+ 4.Bd2 Qe7 5.g3 b6 6.Bg2 Bb7 7.O-O Bxd2 8.Nbxd2 O-O
9.Qc2 d6 10.e4 e5 11.d5 a5 12.b3 Bc8 13.h3 g6 14.a3 Ne8 15.b4 Nd7 16.Rfe1 Ng7
17.Nb3 f5 18.exf5 gxf5 19.Nbd4 e4 20.Nc6 Qf6 21.Nfd4 Bb7 22.Rad1 axb4 23.axb4 Bxc6
24.dxc6 Ne5 25.Bf1 Ra3 26.Nb5 Nf3+ 27.Kg2 Nxe1+ 28.Rxe1 Rf3 29.Nxc7 Nh5 30.Be2 f4
31.Bxf3 exf3+ 32.Kf1 fxg3 33.Qe4 g2+ 34.Kg1 Nf4 35.Kh2 Ne2 36.Qe6+ Qxe6 37.Nxe6 Rc8
38.b5 h6 39.h4 Kf7 40.c5 dxc5  0-1

[Event "Open A"]
[Site "Zagreb CRO"]
[Date "2009.03.25"]
[Round "5"]
[White "Franic,M"]
[Black "Kristovic,M"]
[Result "1-0"]
[WhiteElo "2406"]
[BlackElo "2330"]

1.d4 Nf6 2.c4 e6 3.Nf3 Bb4+ 4.Bd2 Qe7 5.g3 b6 6.Bg2 Bb7 7.O-O Bxd2 8.Nbxd2 d6
9.Re1 Nbd7 10.e4 e5 11.Qc2 a5 12.b3 O-O 13.d5 h6 14.Nf1 Nc5 15.N3d2 g5 16.a3 Kg7
17.b4 Ncd7 18.Ne3 Qd8 19.Bh3 Rh8 20.Nb3 h5 21.Bf5 Nf8 22.c5 Ng6 23.cxb6 cxb6
24.Rec1 Ne8 25.bxa5 bxa5 26.Rab1 Ba6 27.Qd2 Ne7 28.Nxa5 Bc8 29.Nc6 Nxc6 30.dxc6 Nc7
31.Bxc8 Rxc8 32.Nf5+ Kf6 33.Qxd6+ Ne6 34.Rb7 Rc7 35.Rxc7 Qxc7 36.Qxc7 Nxc7
37.Rd1 Ra8 38.Rd7 Ne6 39.c7 Rc8 40.Nd6  1-0

[Event "Open A"]
[Site "Zagreb CRO"]
[Date "2009.03.26"]
[Round "6"]
[White "Simutowe,A"]
[Black "Zaja,I"]
[Result "1-0"]
[WhiteElo "2485"]
[BlackElo "2447"]

1.d4 Nf6 2.c4 e6 3.Nf3 Bb4+ 4.Bd2 Qe7 5.g3 Nc6 6.Bg2 Bxd2+ 7.Nbxd2 d6 8.O-O a5
9.e4 e5 10.d5 Nb8 11.Qc2 Nbd7 12.b3 O-O 13.a3 Nc5 14.b4 Na6 15.Qc3 Bg4 16.Nh4 Bd7
17.Nb3 a4 18.Na5 Ra7 19.Rae1 Nb8 20.Nf5 Bxf5 21.exf5 Nbd7 22.f4 e4 23.h3 h5
24.Re2 Rxa5 25.bxa5 Nc5 26.Rfe1 Re8 27.Qd4 Kf8 28.Re3 Qd7 29.g4 hxg4 30.hxg4 Nxg4
31.Rh3 Nf6 32.Rh8+ Ke7 33.Rxe8+ Kxe8 34.Bh3 Qe7 35.Re3 Nh5 36.Bg2 Qf6 37.Qxf6 Nxf6
38.Re2 Kd7 39.Kf2 Ng4+ 40.Kg3 Nf6 41.Kf2 Ng4+ 42.Ke1 Nf6 43.Kd2 Ke7 44.Kc3 Kd7
45.Re1 c6 46.a6 bxa6 47.dxc6+ Kxc6 48.Re3 Kd7 49.Rg3 Ke7 50.Rxg7 Nh5 51.Rg4 Nf6
52.Rh4 Kf8 53.Rh8+ Ke7 54.Kd4 Nb3+ 55.Ke3 Nc5 56.Ra8 Kd7 57.Bf1 Ke7 58.Be2 Kd7
59.Bd1 Ke7 60.Kd4 Kd7 61.Bc2 Ke7 62.Rb8 Kd7 63.Rh8 Ke7 64.Rh6 Ng4 65.Rh4 Nf6
66.Rh1 Kd7 67.Re1 Kc6 68.Re2 Kc7 69.Rg2 Kd7 70.Rg1 Kd8 71.Kc3 Nh5 72.Rg4 Ke7
73.Kd4 Nf6 74.Rh4 Kd7 75.Kc3 Ke7 76.Kd4 Kf8 77.Rh1 Ke7 78.Rb1 Kd7 79.Kc3 Nh5
80.Kd4 Nf6 81.Bd1 Kc7 82.Rb4 Kc8 83.Rb2 Kc7 84.Rd2 Kc6 85.Rg2 Kd7 86.Rg1 Ke7
87.Rh1 Kd7 88.Kc3 Kc6 89.Rh6 Nfd7 90.Bh5 f6 91.Be8 Kc7 92.Rh7 Kd8 93.Bxd7 Nxd7
94.Kd4 Ke8 95.Kxe4  1-0

[Event "Battle of the GMs"]
[Site "Dapitan PHI"]
[Date "2009.03.28"]
[Round "7"]
[White "Villamayor,B"]
[Black "Antonio,R"]
[Result "0-1"]
[WhiteElo "2471"]
[BlackElo "2519"]

1.d4 Nf6 2.Nf3 e6 3.c4 Bb4+ 4.Bd2 Qe7 5.g3 Nc6 6.Bg2 Bxd2+ 7.Nbxd2 d6 8.O-O a5
9.e4 e5 10.d5 Nb8 11.Ne1 h5 12.Nd3 h4 13.Re1 hxg3 14.fxg3 Nbd7 15.b3 b6 16.a3 Nc5
17.Nxc5 bxc5 18.Qc2 Ng4 19.Nf3 Nf6 20.Nd2 O-O 21.Rab1 Bd7 22.b4 axb4 23.axb4 Ba4
24.Qc3 cxb4 25.Rxb4 Nd7 26.Ra1 Nc5 27.Rb2 Bd7 28.Rba2 Rxa2 29.Rxa2 Rb8 30.h3 Qd8
31.Kh2 Ra8 32.Qa1 Rxa2 33.Qxa2 Qb8 34.Qa3 g6 35.Kg1 Kg7 36.Kh2 Ba4 37.Qc3 Qb6
38.h4 Nb3 39.Nxb3 Qxb3 40.Qc1 Qd1 41.Qe3 Bd7 42.c5 Qd4 43.c6 Bc8 44.Qc1 Qf2
45.Qf1 Qd2 46.Kh1 Bg4 47.Kg1 f5 48.Qf2 Qc1+ 49.Kh2 f4 50.Bf3 fxg3+ 51.Qxg3 Qd2+
52.Bg2 Qe2 53.Kg1 Kh6 54.Kh2 Kh5 55.Kg1 Qd2 56.Kh2 g5 57.hxg5 Kxg5 58.Kg1 Qf4
59.Qa3 Kh4 60.Qc3 Kh5 61.Kh1 Qf2 62.Qa3 Kh4 63.Qc1 Kg3  0-1